Statistics for East Asia - Map Quiz

Click here to take the quiz!

General Stats

  • This quiz has been taken 24 times
  • The average score is 8 of 8

Answers on the Map

Answers color-coded by a green-red scale on the quiz's map according to % correct below.
 

Answer Stats

Answer% Correct
North Korea
100%
China
95%
Philippines
95%
South Korea
95%
Taiwan
95%
Vietnam
95%
Cambodia
91%
Mongolia
91%

Score Distribution

Percentile by Number Answered

Percent of People with Each Score

Your Score History

You have not taken this quiz